日本史年号<室町(応仁の乱以前)> - Statistics

General Stats
  • This quiz has been taken 26 times
  • The average score is 7 of 10
Answer Stats
出来事 年号 % Correct
建武の新政 1334
88%
尊氏、征夷大将軍任命 1338
85%
南北朝合一 1392
81%
応仁の乱 1467
81%
南北朝動乱開始 1336
77%
観応の擾乱 1350
58%
勘合貿易の始まり 1404
58%
正長の徳政一揆 1428
50%
義満、3代将軍任命 1368
42%
応永の外寇 1419
42%
No matching quizzes found
Score Distribution
Percent of People with Each Score
Percentile by Number Answered
Your Score History
You have not taken this quiz